| 000 | 00638nam a2200193u 4500 | ||
|---|---|---|---|
| 001 | 000012355 | ||
| 005 | 20200929163019.0 | ||
| 008 | 830909s1972 sp 000 0 spa | ||
| 010 | _a73342379 | ||
| 040 |
_aDO-SdBNP _cCarP _dDLC |
||
| 050 | 0 | 0 |
_aSB51 _b.A77 |
| 100 | 2 |
_aArroyo Garrido, Saturnino. [from old catalog] _929025 |
|
| 245 | 1 | 0 | _aInstituciones escolares ... |
| 260 |
_aMadrid, : _bParaninfo, _c1972. |
||
| 300 | _a407 p., illus. 24 cm. | ||
| 650 | 0 |
_aGardening _xStudy and teaching. [from old catalog] _929026 |
|
| 650 | 0 |
_aVegetable gardening _xStudy and teaching. [from old catalog] _929027 |
|
| 910 | _aCatalogación derivada | ||
| 999 |
_c12012 _d12012 |
||